00925nam a2200241 a 450000100100000000500170001000800410002702000180006804000250008604100130011108200150012410000390013924000490017824501050022726000340033230000210036649000190038750000760040670000430048283000280052595201130055399900170066600004388320201002045026.0140508s2010 sp 000 0 spa d a9788433973702 aDO-SdBNPbspacBNPHU17aspaheng axxxxbxxxx1 aAdams, Douglas,d1952-2001.97177210aLife, the universe and everythinglEspañol13aLa vida, el universo y todo lo demás /cDouglas Adams ; traducción de Benito Gómez Ibáñez. aBarcelona :bAnagrama,c2010. a187 p. ;c21 cm.1 aCompactosv514 aIncluye datos biográficos del autor en la solapa de la contracubierta12aGómez Ibáñez, Benitoetr.970355 0aCompactos ;n514971773 001050718MOaGRbGRcCTd2014-05-08iLF1l0oxxxx xxxxp43883-10r2020-06-25w2020-06-25y1ZNo se presta c43372d43372